Provincias de España por superficie - Estadísticas

Estadísticas generales
  • Esta prueba ha sido intentada 2.901 veces
  • La puntuación promedio es 25 de 50
Estadísticas de respuestas
Superficie Inicial Provincia % Correcto
17.274 Z Zaragoza
92%
21.766 B Badajoz
91%
19.868 C Cáceres
91%
15.636 H Huesca
87%
13.496 J Jaén
74%
17.140 C Cuenca
72%
15.369 T Toledo
71%
19.813 C Ciudad Real
69%
14.036 S Sevilla
69%
14.809 T Teruel
69%
10.807 V Valencia
69%
15.580 L León
65%
10.561 Z Zamora
64%
12.646 G Granada
63%
10.127 H Huelva
63%
14.926 A Albacete
60%
14.022 B Burgos
57%
8.050 Á Ávila
56%
8.027 M Madrid
56%
13.771 C Córdoba
54%
3.037 Á Álava
53%
10.391 N Navarra
52%
8.052 P Palencia
52%
12.349 S Salamanca
52%
12.214 G Guadalajara
50%
12.172 L Lleida
50%
11.313 M Murcia
49%
9.856 L Lugo
47%
7.733 B Barcelona
46%
1.997 G Guipúzcoa
45%
8.110 V Valladolid
45%
2.217 V Vizcaya
45%
7.273 O Ourense
44%
10.306 S Soria
44%
10.603 A Asturias
42%
6.302 T Tarragona
37%
8.775 A Almería
35%
5.909 G Girona
33%
4.494 P Pontevedra
30%
7.306 M Málaga
29%
4.991 I Islas Baleares
28%
6.920 S Segovia
28%
5.817 A Alicante
27%
7.440 C Cádiz
27%
4.065 L Las Palmas
26%
5.045 L La Rioja
24%
6.636 C Castellón
23%
7.950 A A Coruña
22%
5.321 C Cantabria
22%
3.381 S Santa Cruz de Tenerife
20%
No se encontraron pruebas coincidentes
Distribución de puntuación
Porcentaje de gente con cada puntuación
Porcentaje por número respondido
Historial de tus puntuaciones
No has intentado esta prueba.